书目信息 |
| 题名: |
文化众筹:从兴趣到信任
|
|
| 作者: | 彭健 著 | |
| 分册: | ||
| 出版信息: | 北京 知识产权出版社 2016 |
|
| 页数: | 19,300页 | |
| 开本: | 24cm | |
| 丛书名: | “互联网+”与文化发展研究系列丛书 | |
| 单 册: | ||
| 中图分类: | F832.48 | |
| 科图分类: | ||
| 主题词: | 融资模式--rong zi mo shi--研究--中国 | |
| 电子资源: | ||
| ISBN: | 978-7-5130-3900-0 | |
| 000 | 01204nam0 22002651 450 | |
| 001 | 0127154731 | |
| 005 | 20170327154731.0 | |
| 010 | @a978-7-5130-3900-0@dCNY45.00 | |
| 100 | @a20160613d2016 em y0chiy50 ea | |
| 101 | 0 | @achi |
| 102 | @aCN@b110000 | |
| 105 | @ay z 000yy | |
| 106 | @ar | |
| 200 | 1 | @a文化众筹:从兴趣到信任@Awen hua zhong chou cong xing qu dao xin ren@f彭健著 |
| 210 | @a北京@c知识产权出版社@d2016 | |
| 215 | @a19,300页@d24cm | |
| 225 | 2 | @a“互联网+”与文化发展研究系列丛书@Ahu lian wang +yu wen hua fa zhan yan jiu xi lie cong shu |
| 300 | @a国家出版基金项目 文化部“十三五”时期文化改革发展规划重大课题 | |
| 330 | @a本书分享了“互联网+”金融背景下对“众筹”的反思。书中内容包括从探究融资的本质与逻辑是什么?什么是信任?信任的分类,信任的基础。众筹如何体现共享经济?如何在利益分配的同时实现资源的整合?众筹有哪些内在的悖论与潜在的风险?什么是众筹思维?将对生产、流通、销售、投资、社会结构与生活方式带来怎样的变革? | |
| 461 | 0 | @12001 @a“互联网+”与文化发展研究系列丛书 |
| 606 | 0 | @a融资模式@Arong zi mo shi@x研究@y中国 |
| 690 | @aF832.48@v5 | |
| 701 | 0 | @a彭健@Apeng jian@c(大学教师)@4著 |
| 801 | 0 | @aCN@bTANGWEI@c20170325 |
| 905 | @b0963856-9@dF832.48@e147@f4 | |
| 文化众筹:从兴趣到信任/彭健著 .-北京:知识产权出版社,2016 |
| 19,300页;24cm.-(“互联网+”与文化发展研究系列丛书) |
| 国家出版基金项目 文化部“十三五”时期文化改革发展规划重大课题 |
| ISBN 978-7-5130-3900-0:CNY45.00 |
| 本书分享了“互联网+”金融背景下对“众筹”的反思。书中内容包括从探究融资的本质与逻辑是什么?什么是信任?信任的分类,信任的基础。众筹如何体现共享经济?如何在利益分配的同时实现资源的整合?众筹有哪些内在的悖论与潜在的风险?什么是众筹思维?将对生产、流通、销售、投资、社会结构与生活方式带来怎样的变革? |
| ● |
| 相关链接 |
|
|
|
|
正题名:文化众筹:从兴趣到信任
索取号:F832.48/147
 
预约/预借
| 序号 | 登录号 | 条形码 | 馆藏地/架位号 | 状态 | 备注 |
| 1 | 0963856 | 209638560 | 第一样本阅览室/ [索取号:F832.48/147] | 在馆 | |
| 2 | 0963857 | 209638579 | 第一借阅区/ [索取号:F832.48/147] | 在馆 | |
| 3 | 0963858 | 209638588 | 第一借阅区/ [索取号:F832.48/147] | 在馆 | |
| 4 | 0963859 | 209638597 | 第一借阅区/ [索取号:F832.48/147] | 在馆 |